000 00385cam a2200145ua 4500
041 _aeng
_h
082 _a823.308
_bAIN/TO
100 _aAinsworth, William Harrison .
245 _aTower of London /
_cWilliam Harrison Ainsworth.
_hTextual Documents
260 _aLondon :
_bJ M Dent and Sons Ltd ,
_c1950.
300 _a463 ; .
504 _a
942 _cBK
999 _c11980
_d11980